| 000 | 00453nam a2200181Ia 4500 | ||
|---|---|---|---|
| 001 | 25055 | ||
| 005 | 20260414151124.0 | ||
| 008 | 260414t2011||||xx |||||||||||||| ||spa|| | ||
| 041 | _aESP | ||
| 082 |
_a346.13 _bG67 T. 2 |
||
| 100 |
_aGonzales Barrón, Gunther _eAUT |
||
| 245 | 0 |
_aEl nuevo derecho registral : _bjurisprudencia |
|
| 260 | _c2011 | ||
| 300 |
_a854 páginas : _c24 cm. |
||
| 650 | _aDER | ||
| 654 | _aCDE | ||
| 942 |
_cLIB _dJUS _fJUS _2ddc _n |
||
| 999 |
_c25055 _d25055 |
||